Fugitive pieces in verse and prose.

Bibliographic Details
Main Author: Walpole, Horace, 1717-1797
Format: eBook
Language:English
Series:Eighteenth century collections online.
Online Access:Full text online

MARC

Tag First Indicator Second Indicator Subfields
LEADER 00000cam a2200000 4500
001 in00001908375
006 m | d |
007 cr |n||||||||n
008 831012s1758 enk|||| s 00||||eng d
005 20260407191140.3
035 |a (CStRLIN)ESTCT145434 
040 |a Uk-ES  |c Uk-ES  |d CStRLIN  |d Thomson Gale  |d UtOrBLW 
100 1 |a Walpole, Horace,  |d 1717-1797. 
245 1 0 |a Fugitive pieces in verse and prose. 
264 3 |a [Twickenham] :  |b Printed at Strawberry-Hill,  |c 1758. 
300 |a vi, 216, 3 unnumbered pages, 218-219, 1 unnumbered page :  |b illustrations ;  |c 8⁰. 
336 |a text  |b txt  |2 rdacontent 
337 |a computer  |b c  |2 rdamedia 
338 |a online resource  |b cr  |2 rdacarrier 
500 |a The dedication signed: Horace Walpole. 
500 |a A leaf, headed 'Note', regarding the Countess of Desmond's picture is inserted after page 216. 
500 |a Reproduction of original from the British Library. 
510 4 |a Hazen. Strawberry-Hill,  |c 4 
510 4 |a English Short Title Catalog,  |c ESTCT145434. 
533 |a Electronic reproduction.  |b Farmington Hills, Mich. :  |c Thomson Gale,  |d 2003.  |n Available via the World Wide Web.  |n Access limited by licensing agreements  |7 s2003 miunns 
500 |a Electronic resource. 
830 0 |a Eighteenth century collections online. 
856 4 0 |u http://proxy.library.tamu.edu/login?url=https://galenet.galegroup.com/servlet/ECCO?c=1&stp=Author&ste=11&af=BN&ae=T145434&tiPG=1&dd=0&dc=flc&docNum=CW114354463&vrsn=1.0&srchtp=a&d4=0.33&n=10&SU=0LRK&locID=txshracd2898  |z Full text online  |t 0 
999 |a MARS 
999 f f |s a35862b1-18a4-30b7-b750-fd2af1bd118c  |i 3ca42b48-d26f-3b7a-9aae-4a167a76aedf  |t 0 
952 f f |a Texas A&M University  |b College Station  |c Electronic Resources  |s www_evans  |d Available Online  |t 0  |h No information provided 
998 f f |t 0  |l Available Online